Every Major City in Brazil - Statistics

General Stats
  • This quiz has been taken 11 times
  • The average score is 16 of 24
Answer Stats
Answer % Correct
Belo Horizonte
100%
Fortaleza
100%
Manaus
100%
Porto Alegre
100%
Recife
100%
Rio de Janeiro
100%
Sao Paulo
100%
Brasilia
89%
Salvador
89%
Belem
67%
Curitiba
67%
Goiania
67%
Campinas
56%
Cuiaba
56%
Natal
56%
Sao Luis
56%
Campo Grande
44%
Maceio
44%
Vitoria
44%
Boa Vista
33%
Florianopolis
33%
Joao Pessoa
33%
Macapa
33%
Teresina
33%
No matching quizzes found
Score Distribution
Percent of People with Each Score
Percentile by Number Answered
Your Score History
You have not taken this quiz